| 000 | 01049nam a2200313 i 4500 | ||
|---|---|---|---|
| 003 | EG-GICUC | ||
| 005 | 20260228084722.0 | ||
| 008 | 260228s1930 us ||||fr|||| 00| 0 eng d | ||
| 040 |
_aEG-GiCUC _beng _cEG-GiCUC _dEG-GiCUC _eRda |
||
| 082 | 0 | 4 |
_221 _a341.6 _bWE . R |
| 092 | 0 | 4 | _221 |
| 099 | _aLaw1 11 341.6 WE . R 1930 | ||
| 100 | 1 |
_aWegerer, Alfred Fox _eAuthor. |
|
| 245 | 1 | 2 |
_aA Refutation of the Versailles War Guilt Thesis / _b _n _cAlfred Fox Wegerer ; Edwin H. Zeydel ; Harry Elmer Barnes. |
| 264 | 1 |
_aNew York : _bAlfred-a-knopf, _c1930. |
|
| 300 |
_a366 page : _billustration ; _c 24 cm. |
||
| 336 |
_2rda contenu _a texte |
||
| 337 |
_2rda medias _aOrdinateur |
||
| 338 |
_2 transporteur rda _a Ressource en ligne |
||
| 504 | _a | ||
| 546 | _aText in English | ||
| 650 | 1 | 4 |
_aPublic international law _2 |
| 651 | 1 | _2 | |
| 700 | 1 |
_aZeydel, Edwin H _eTranslator. |
|
| 700 | 1 |
_aBarnes, Harry Elmer _epresenter |
|
| 856 | 4 | 0 | _uhttps://fll.law.cu.edu.eg/fulltext/bks/B11-08680.pdf |
| 905 | _a50 | ||
| 942 |
_2ddc _cBK _e21 _n0 |
||
| 999 |
_c64333 _d64333 |
||